Online Catalogue and eLibrary

Maram vaithavan (Record no. 3884)

MARC details
000 -LEADER
fixed length control field 00342nam a2200145Ia 4500
005 - DATE AND TIME OF LATEST TRANSACTION
control field 20250402211918.0
008 - FIXED-LENGTH DATA ELEMENTS--GENERAL INFORMATION
fixed length control field 240331s9999 xx 000 0 und d
020 ## - INTERNATIONAL STANDARD BOOK NUMBER
ISBN 9551022017
082 ## - DDC Classification
Item Number - Author Mark SIV
Class No. 894
100 ## - MAIN ENTRY--PERSONAL NAME
Personal name Sivakumaran, B
245 #0 - TITLE STATEMENT
Title Maram vaithavan
260 ## - PUBLICATION, DISTRIBUTION, ETC.
Place of publication, distribution, etc. Colombo
Name of publisher, distributor, etc. Meera Pathippagam
Date of publication, distribution, etc. 2006
300 ## - PHYSICAL DESCRIPTION
Extent (e.g. Volumes, Pages etc.) 169 p .,
942 ## - Koha item type (Biblio)
Koha item type Books in Stacks (Lending)
Holdings
Lost status Damaged status Collection code Home library Current library Shelving location Date acquired Full call number Accession Number Item type
    Lending WERC Library WERC Library Social Science Cupboard 03/31/2024 891.11 SIV 5927 Books in Stacks (Lending)

© WERC Library